Problemas resueltos y guías de práctica para el estudio de la topografía altimétrica/Julián David Puerto Suárez (Registro nro. 18730)

Detalles MARC
000 -LEADER
fixed length control field 00513nam a22001691a 4500
001 - CONTROL NUMBER
control field 18730
003 - CONTROL NUMBER IDENTIFIER
control field OSt
005 - DATE AND TIME OF LATEST TRANSACTION
control field 20260204212420.0
008 - FIXED-LENGTH DATA ELEMENTS--GENERAL INFORMATION
fixed length control field 180524s2012||||ck ||||||b||||||||||spa||
082 ## - DEWEY DECIMAL CLASSIFICATION NUMBER
Classification number 526.9 P977p
100 ## - ASIENTO PRINCIPAL -- NOMBRE PERSONAL
Personal name Puerto Suárez,Julián David
245 ## - TÍTULO PROPIAMENTE DICHO: SUBTÍTULO
Title Problemas resueltos y guías de práctica para el estudio de la topografía altimétrica/Julián David Puerto Suárez
264 ## - PRODUCTION, PUBLICATION, DISTRIBUTION, MANUFACTURE, AND COPYRIGHT NOTICE
Place of production, publication, distribution, manufacture Bogotá:Universidad de la Salle
300 ## - PHYSICAL DESCRIPTION
Extensión 71
650 ## - ASIENTO SECUNDARIO DE MATERIA -- TERMINO TEMÁTICO
Termino Temático Como Elemento de Entrada Topografía 2.AltimetríaÌ
942 ## - ADDED ENTRY ELEMENTS (KOHA)
Source of classification or shelving scheme Dewey Decimal Classification
Koha item type Libros
Existencias
Withdrawn status Lost status Source of classification or shelving scheme Damaged status Not for loan Current library Date acquired Total Checkouts Full call number Barcode Date last seen Price effective from Koha item type
    Dewey Decimal Classification     Biblioteca UTECO 09/09/2019   526.9 P977P 018193 09/09/2019 09/09/2019 Libros
    Dewey Decimal Classification     Biblioteca UTECO 09/09/2019   526.9 P977P 018194 09/09/2019 09/09/2019 Libros
    Dewey Decimal Classification     Biblioteca UTECO 09/09/2019   526.9 P977P 018195 09/09/2019 09/09/2019 Libros
© 2021 Derechos Reservados UTECO - Teléfono: +1 809-585-2291 - Correo electrónico: biblioteca@uteco.edu.do​  
Código postal 43000 ​​
Dirección: Avenida Universitaria No. 100, 
Cotuí, Provincia Sánchez Ramírez, República Dominicana - RNC: 404-00059-6